000 00296nam a22001337a 4500
008 171019b xxu||||| |||| 00| 0 eng d
020 _a0131972863
041 _aeng
080 _a338
100 _a53
101 _aMEN
245 _aDECISION SUPPORT SYSTEMS
_cSPRAGUE.R.H
942 _2udc
_cBK
999 _c34950
_d34950